• 首页
  • 本馆介绍
  • 公告通知
  • 最新文献
  • 馆藏检索
  • 电子资源
  • 读者导购
  • 参考咨询
  • 我的图书馆
  • 登录
  • 详细信息显示
  • 放入我的书架
  • 预约/预借图书
  • 作者相关作品
  • 分类相关作品
  • 丛书相关作品
  • 出版社相关作品

书目信息

  • 表格格式
  • 工作单格式
  • 卡片格式
题名:
初等数论
    
 
作者: 韩灵娟
分册:  
出版信息: 长春   吉林大学出版社  2016.01
页数: 210页
开本: 26cm
丛书名:
单 册:
中图分类: O156.1
科图分类:
主题词: 代数 , 数论 , 组合数学
电子资源:
ISBN: 978-7-5677-5621-2
000 00602nam0 2200229 450
001 3494
005 20160926150458.18
010    @a978-7-5677-5621-2@b平装@dCNY29.00
100    @a20151001d2016 km y0chiy0120 ea
101 0  @achi
102    @aCN@b220000
200 1  @a初等数论@Achu deng shu lun@f韩灵娟@Fhan ling juan
210    @a长春@c吉林大学出版社@d2016.01
215    @a210页@d26cm
330    @a初等数论
606 0  @a代数
606 0  @a数论
606 0  @a组合数学
690    @aO156.1@v4
701  0 @a韩灵娟@Ahan ling juan
801  0 @aCN@b唐山师范学院图书馆@c20151001
905    @aZUCC@dO156.1@e103
    
    初等数论/韩灵娟.-长春:吉林大学出版社,2016.01
    210页;26cm
    
    
    ISBN 978-7-5677-5621-2(平装):CNY29.00
    初等数论
●
相关链接 在E读中查询图书 在五车中查询图书 在当当中查询图书 在豆瓣中查询图书


正题名:初等数论     索取号:O156.1/103         预约/预借

序号 登录号 条形码 馆藏地/架位号 状态 备注
1 905477   209054770   第二样本阅览室/ [索取号:O156.1/103] 在馆    
2 905478   209054789   第三借阅区/ [索取号:O156.1/103] 在馆    
3 905479   209054798   第三借阅区/ [索取号:O156.1/103] 在馆    
4 905480   209054805   第三借阅区/ [索取号:O156.1/103] 在馆    
5 905481   209054814   第三借阅区/ [索取号:O156.1/103] 在馆    
唐山师范学院图书馆 欢迎您!
大连网信软件有限公司© 版权所有